[Event "XI Open Autunno"]
[Site "Robecchetto con Induno ITA"]
[Date "2014.10.09"]
[Round "1"]
[White "Barrera, Pietro"]
[Black "Santarelli, Sabatino"]
[WhiteElo "1905"]
[BlackElo "1638"]
[Result "1-0"]
[PlyCount "127"]
[EventDate "2014.10.09"]

1. e4 c5 2. Nc3 g6 3. f4 Bg7 4. Nf3 e6 5. Bc4 a6 6. a4 Ne7 7. O-O Nbc6 8. d3
O-O 9. e5 b6 10. Ne4 Nf5 11. c3 d5 12. exd6 Nxd6 13. Qe2 Bb7 14. Rd1 Qc7 15.
Bb3 Rad8 16. Nf2 Ne8 17. Ng4 Nf6 18. Nge5 Nd5 19. Bxd5 Rxd5 20. Ng4 Rfd8 21.
Ne3 R5d7 22. Nc4 Rd5 23. g3 b5 24. axb5 axb5 25. Ne3 R5d7 26. Ng4 b4 27. Nge5
Nxe5 28. fxe5 Qc6 29. Kf2 Ba6 30. Bg5 Rc8 31. Qe3 Bb7 32. Rac1 b3 33. d4 c4 34.
Ra1 h6 35. Bf6 Bf8 36. Rg1 Kh7 37. g4 Qe4 38. Rg3 Qc2+ 39. Qe2 Qxe2+ 40. Kxe2
Bxf3+ 41. Rxf3 Bg7 42. Bh4 g5 43. Bg3 Kg6 44. Rff1 h5 45. h3 Rh8 46. Ra4 Rc7
47. Rfa1 hxg4 48. hxg4 Rhc8 49. Ke3 Bf8 50. Ra6 Rc6 51. Ke4 Rxa6 52. Rxa6 Be7
53. d5 Rh8 54. dxe6 fxe6 55. Rxe6+ Kf7 56. Rc6 Rh1 57. e6+ Kg6 58. Be5 Re1+ 59.
Kd5 Re2 60. Bd4 Rxb2 61. Kxc4 Rb1 62. Rb6 b2 63. Kd3 Rd1+ 64. Kc2 1-0

[Event "XI Open Autunno"]
[Site "Robecchetto con Induno ITA"]
[Date "2014.10.09"]
[Round "1"]
[White "Koureas, Panicos"]
[Black "Puricelli, Giancarlo"]
[WhiteElo "1431"]
[BlackElo "1692"]
[Result "1/2-1/2"]
[PlyCount "59"]
[EventDate "2014.10.09"]

1. e4 b6 2. d4 Bb7 3. Nc3 Nf6 4. Bd3 d6 5. Nf3 Nbd7 6. O-O a6 7. a4 c5 8. Re1
e6 9. d5 e5 10. Bc4 Be7 11. Qd3 Nf8 12. Ne2 Ng6 13. Ng3 O-O 14. Qd1 Ne8 15. Nf5
Nc7 16. Nxe7+ Qxe7 17. Bg5 Qd7 18. c3 b5 19. axb5 axb5 20. Rxa8 Nxa8 21. Bf1 c4
22. b3 Nb6 23. Be3 Qc7 24. Bxb6 Qxb6 25. bxc4 bxc4 26. Bxc4 Qc5 27. Qb3 Bc8 28.
Ra1 Bg4 29. Ra4 Bxf3 30. gxf3 1/2-1/2

[Event "XI Open Autunno"]
[Site "Robecchetto con Induno ITA"]
[Date "2014.10.09"]
[Round "1"]
[White "Libutti, Michele"]
[Black "Redamante, Marzio"]
[WhiteElo "1753"]
[BlackElo "1541"]
[Result "1-0"]
[PlyCount "61"]
[EventDate "2014.10.09"]

1. d4 d5 2. c4 e6 3. Nc3 Nf6 4. Bg5 Be7 5. e3 O-O 6. Nf3 Nbd7 7. Rc1 dxc4 8.
Bxc4 c5 9. O-O a6 10. a4 cxd4 11. exd4 Nb6 12. Bd3 Nbd5 13. Qe2 Nxc3 14. bxc3
Qa5 15. Ne5 Rd8 16. h4 Qxa4 17. Bxf6 Bxf6 18. Qe4 g6 19. f4 Bxe5 20. fxe5 Qd7
21. h5 Qd5 22. Qf4 Rd7 23. hxg6 hxg6 24. Rf3 Kf8 25. Bxg6 b5 26. Be4 Qc4 27.
Bxa8 Ke8 28. Rh3 Ra7 29. Be4 Qe2 30. Rh8+ Kd7 31. Qxf7# 1-0

[Event "XI Open Autunno"]
[Site "Robecchetto con Induno ITA"]
[Date "2014.10.09"]
[Round "1"]
[White "Macchiettini, Pierangelo"]
[Black "Garcia Rubi, Juan"]
[WhiteElo "1691"]
[BlackElo "1394"]
[Result "1-0"]
[PlyCount "117"]
[EventDate "2014.10.09"]

1. d4 d5 2. Nf3 g6 3. c4 e6 4. a3 Nd7 5. Nc3 Bg7 6. cxd5 exd5 7. Nxd5 c6 8. Nc3
Ngf6 9. e3 O-O 10. Be2 Nb6 11. O-O Re8 12. Bd2 Nbd5 13. Rc1 Nxc3 14. Bxc3 Ne4
15. Bb4 Be6 16. Bd3 Bd5 17. Bc4 Bxc4 18. Rxc4 Qd5 19. Rc1 Bf8 20. Bxf8 Kxf8 21.
Qa4 f6 22. Qb4+ Re7 23. Nd2 a5 24. Qc4 Nxd2 25. Qxd5 cxd5 26. Rfd1 Nc4 27. Rc2
b5 28. Rd3 a4 29. g3 Raa7 30. Kg2 Rac7 31. Rdc3 Ke8 32. Kf3 Kd8 33. Re2 Nd6 34.
Rd3 Rc4 35. g4 Rec7 36. Kg2 Rc2 37. Rdd2 Rxd2 38. Rxd2 f5 39. h3 fxg4 40. hxg4
Ne4 41. Re2 h5 42. f3 Nd6 43. Kg3 hxg4 44. Kxg4 Ke7 45. Rh2 Kf6 46. Kf4 Nf5 47.
e4 dxe4 48. fxe4 Nxd4 49. e5+ Ke6 50. Rh6 Rf7+ 51. Ke4 Nf3 52. Rxg6+ Ke7 53.
Rb6 Ng5+ 54. Kd5 Ne6 55. Rxe6+ Kf8 56. Rf6 Rxf6 57. exf6 Kf7 58. Kc5 Kxf6 59.
Kxb5 1-0

[Event "XI Open Autunno"]
[Site "Robecchetto con Induno ITA"]
[Date "2014.10.09"]
[Round "1"]
[White "Pappalardo, Antonio"]
[Black "Frignani, Alessandro"]
[WhiteElo "1724"]
[BlackElo "1469"]
[Result "1-0"]
[PlyCount "95"]
[EventDate "2014.10.09"]

1. d4 d5 2. c4 e6 3. cxd5 Qxd5 4. Nc3 Qa5 5. Nf3 Nd7 6. Bf4 Bd6 7. Bd2 Qb6 8.
Qc1 c5 9. e3 Ngf6 10. g3 Qc6 11. Bg2 Qa6 12. a4 Nd5 13. Nb5 Nc7 14. Nxd6+ Qxd6
15. O-O O-O 16. Rd1 Rb8 17. Bc3 b6 18. Qd2 Bb7 19. Qe1 Nf6 20. dxc5 Qxc5 21.
Bb4 Qf5 22. Nd4 Qg6 23. Bxf8 Bxg2 24. Bd6 Qe4 25. Bxc7 Rc8 26. f3 Bxf3 27. Nxf3
Qxf3 28. Rd8+ Rxd8 29. Bxd8 h6 30. Bxf6 Qxf6 31. Qf2 Qe7 32. a5 b5 33. Qd2 Kh7
34. Rd1 Qc5 35. b4 Qe5 36. Qd4 Qc7 37. Qd3+ f5 38. g4 Kg6 39. gxf5+ Kf6 40.
Qd4+ Kxf5 41. Rf1+ Kg6 42. Qe4+ Kh5 43. Qxe6 Qc3 44. Qf5+ g5 45. Qc5 Qd3 46.
Qd4 Qe2 47. Qd1 Qxd1 48. Rxd1 1-0

[Event "XI Open Autunno"]
[Site "Robecchetto con Induno ITA"]
[Date "2014.10.09"]
[Round "1"]
[White "Picierro, Giuliano"]
[Black "Novi', Giuseppe"]
[WhiteElo "1572"]
[BlackElo "1835"]
[Result "1/2-1/2"]
[PlyCount "26"]
[EventDate "2014.10.09"]

1. d4 Nf6 2. Bf4 e6 3. e3 c5 4. c3 Nc6 5. Be2 cxd4 6. cxd4 Bb4+ 7. Nd2 Ne4 8.
Ngf3 Nxd2 9. Nxd2 Qa5 10. a3 Bxd2+ 11. Qxd2 Qxd2+ 12. Kxd2 O-O 13. Bd6 Re8
1/2-1/2

[Event "XI Open Autunno"]
[Site "Robecchetto con Induno ITA"]
[Date "2014.10.09"]
[Round "1"]
[White "Puricelli, Roberto"]
[Black "Pizzolato, Roberto"]
[WhiteElo "1513"]
[BlackElo "1747"]
[Result "1-0"]
[PlyCount "147"]
[EventDate "2014.10.09"]

1. e4 e5 2. Nf3 Nc6 3. Bc4 Bc5 4. Nc3 Nf6 5. d3 h6 6. Qe2 d6 7. h3 Na5 8. Bb3
Nxb3 9. cxb3 c6 10. Be3 Bb4 11. O-O O-O 12. a3 Ba5 13. b4 Bc7 14. d4 Re8 15.
dxe5 dxe5 16. Rad1 Bd7 17. Qc2 Qc8 18. Nh2 Nh5 19. Qe2 Nf4 20. Bxf4 exf4 21.
Qf3 Re6 22. Rfe1 Qe8 23. Nf1 Rd8 24. Nd2 Rg6 25. Kh1 b5 26. Nb3 Qe5 27. Nc5 Rd6
28. Rxd6 Bxd6 29. Nb7 Rb8 30. Nxd6 Qxd6 31. Rd1 Qc7 32. Ne2 g5 33. Qc3 Re8 34.
f3 Re5 35. Rxd7 Qxd7 36. Qxe5 Qd1+ 37. Ng1 Qd2 38. Qc5 Kg7 39. Qxc6 Qxb2 40.
Qxb5 Qxa3 41. Qa5 Qe3 42. Qa1+ Kg6 43. b5 h5 44. Qe5 f6 45. Qe8+ Kh6 46. Qf7
Qd4 47. Kh2 Qb6 48. h4 g4 49. fxg4 hxg4 50. Qf8+ Kg6 51. Qg8+ Kh6 52. Qxg4 Qxb5
53. Qxf4+ Kg7 54. Qc7+ Kg6 55. Nf3 a5 56. Qc2 Kg7 57. g4 a4 58. Qc7+ Kg6 59.
h5+ Kh6 60. Qf4+ Kh7 61. Qf5+ Qxf5 62. exf5 a3 63. Nd2 Kh6 64. Kg3 a2 65. Nb3
Kg5 66. Kh3 Kh6 67. Kh4 Kg7 68. g5 fxg5+ 69. Kxg5 Kh7 70. h6 Kg8 71. Kg6 Kh8
72. f6 a1=Q 73. Nxa1 Kg8 74. f7+ 1-0

[Event "XI Open Autunno"]
[Site "Robecchetto con Induno ITA"]
[Date "2014.10.09"]
[Round "1"]
[White "Ragoso, Mario"]
[Black "Moroni, Luca"]
[WhiteElo "1621"]
[BlackElo "1882"]
[Result "0-1"]
[PlyCount "72"]
[EventDate "2014.10.09"]

1. d4 c5 2. d5 d6 3. c4 Nf6 4. Nc3 g6 5. g3 Bg7 6. Bg2 O-O 7. Nf3 a6 8. a4 Bg4
9. O-O Qc8 10. Qb3 Bxf3 11. Bxf3 Nbd7 12. Bf4 Qc7 13. Rad1 Rab8 14. e4 h6 15.
h4 h5 16. Qc2 Kh7 17. Qd2 Ng8 18. Rde1 Bh6 19. Ne2 Bxf4 20. Nxf4 Ne5 21. Be2
Nf6 22. Qc2 Qd7 23. b3 Nfg4 24. Nh3 f6 25. Qd2 b5 26. Kg2 bxc4 27. bxc4 Rb3 28.
Nf4 Rfb8 29. Ne6 Qe8 30. f4 Nxc4 31. Bxc4 Rb2 32. Qxb2 Rxb2+ 33. Kg1 Qb8 34.
Be2 Qb4 35. Bxg4 hxg4 36. Re3 Qd2 0-1

[Event "XI Open Autunno"]
[Site "Robecchetto con Induno ITA"]
[Date "2014.10.09"]
[Round "1"]
[White "Rancati, David"]
[Black "Santoruvo, Gianfranco"]
[WhiteElo "1547"]
[BlackElo "1755"]
[Result "0-1"]
[PlyCount "100"]
[EventDate "2014.10.09"]

1. d4 f5 2. Nf3 Nf6 3. Nc3 e6 4. e3 b6 5. Be2 Be7 6. Ne5 Bb7 7. Bf3 Nc6 8. a3
Qc8 9. Nxc6 dxc6 10. Ne2 O-O 11. Nf4 Bd6 12. Nd3 Ne4 13. c3 Qd8 14. O-O Rf6 15.
Nf4 Rh6 16. g3 g5 17. Nd3 Nf6 18. Qb3 Qe8 19. Re1 g4 20. e4 Rxh2 21. exf5 Qh5
22. Bg2 Rxg2+ 23. Kf1 c5 24. Nf4 Rg1+ 25. Ke2 Rxe1+ 26. Kxe1 Qh1+ 27. Kd2 Bxf4+
28. gxf4 Ne4+ 29. Kc2 Bd5 30. c4 Bb7 31. fxe6 cxd4 32. f5 Nc5 33. Qg3 Be4+ 34.
Kd2 Qh6+ 35. f4 Bxf5 36. Kd1 Qh1+ 37. Ke2 d3+ 38. Ke3 Re8 39. Kd4 Nb3+ 40. Kc3
Nxa1 41. Qe3 Rxe6 42. Qd2 Re2 43. Qe3 Rxe3 44. Bxe3 Nc2 45. Bd2 c5 46. b4 Qe4
47. b5 Be6 48. Kb2 Qxc4 49. Bc3 Nxa3 50. Kxa3 Qb3# 0-1

[Event "XI Open Autunno"]
[Site "Robecchetto con Induno ITA"]
[Date "2014.10.09"]
[Round "1"]
[White "Rutigliano, Cesare"]
[Black "Bianchi, Alberto"]
[WhiteElo "1644"]
[BlackElo "1921"]
[Result "0-1"]
[PlyCount "64"]
[EventDate "2014.10.09"]

1. e4 e5 2. d4 Nf6 3. dxe5 Nxe4 4. Nf3 d5 5. h3 Bc5 6. Be3 Bxe3 7. fxe3 Ng3 8.
Rg1 O-O 9. Nc3 c6 10. Qd4 Nf5 11. Qf4 Qb6 12. Kd2 Na6 13. Bd3 Ne7 14. Bxh7+
Kxh7 15. Qh4+ Kg8 16. Ng5 Re8 17. Qh7+ Kf8 18. Rgf1 Nf5 19. Rf3 d4 20. Nce4
dxe3+ 21. Ke2 Nd4+ 22. Kxe3 Nxf3+ 23. Kxf3 Rxe5 24. g4 Qd4 25. Rf1 Rxg5 26.
Qh8+ Ke7 27. Qh4 f6 28. Re1 Be6 29. Nxg5 fxg5 30. Qg3 Qf4+ 31. Qxf4 gxf4 32.
Kxf4 Nc7 0-1

[Event "XI Open Autunno"]
[Site "Robecchetto con Induno ITA"]
[Date "2014.10.09"]
[Round "1"]
[White "Sartorio, Alessandro"]
[Black "Serrao, Piergiorgio"]
[WhiteElo "1318"]
[BlackElo "1678"]
[Result "0-1"]
[PlyCount "132"]
[EventDate "2014.10.09"]

1. e4 e6 2. Nf3 d5 3. Bd3 dxe4 4. Bxe4 Nf6 5. Nc3 Nxe4 6. Nxe4 Be7 7. O-O O-O
8. d4 b6 9. Nfg5 h6 10. Nh3 Bb7 11. Re1 Nd7 12. Nf4 Nf6 13. Nxf6+ Bxf6 14. Nh5
Qxd4 15. Qe2 Rad8 16. Be3 Qe5 17. Qg4 Qf5 18. Nxf6+ Qxf6 19. Rad1 c5 20. Rxd8
Rxd8 21. Rd1 Rxd1+ 22. Qxd1 Bd5 23. b3 Qg6 24. f3 Qf6 25. c4 Bc6 26. h3 e5 27.
Qe2 Qe6 28. Qd3 Qd7 29. Qxd7 Bxd7 30. f4 f6 31. fxe5 fxe5 32. Bf2 Kf7 33. Kf1
Bf5 34. Be1 Bb1 35. a3 Ba2 36. b4 Bxc4+ 37. Kf2 cxb4 38. Bxb4 g6 39. Bd6 Ke6
40. Bb8 a6 41. Ba7 b5 42. Ke3 Kd5 43. g3 a5 44. Kd2 b4 45. axb4 axb4 46. Kc2
Kc6 47. Be3 h5 48. h4 Kd5 49. Bd2 Kc5 50. Be1 e4 51. Bf2+ Kb5 52. Be3 Ka4 53.
Bc1 Bd3+ 54. Kb2 Kb5 55. Kb3 Kc5 56. Be3+ Kd5 57. Kxb4 Ke5 58. Bf4+ Kf5 59. Kc5
Kg4 60. Kd5 Kf3 61. Ke5 e3 62. Kd4 e2 63. Bd2 Bf5 64. Be1 Kg2 65. Ke3 Kf1 66.
Kd2 Bg4 0-1

[Event "XI Open Autunno"]
[Site "Robecchetto con Induno ITA"]
[Date "2014.10.09"]
[Round "1"]
[White "Torretta, Gilberto"]
[Black "Gbessou, Remi Stephan"]
[WhiteElo "1661"]
[BlackElo "1299"]
[Result "1-0"]
[PlyCount "49"]
[EventDate "2014.10.09"]

1. e4 Nf6 2. e5 Nd5 3. Bc4 e6 4. Nf3 Ne7 5. d4 d5 6. Bd3 Nbc6 7. Bg5 b6 8. Nbd2
Bb7 9. c3 Qd7 10. O-O O-O-O 11. a4 h6 12. Bh4 g5 13. Bg3 Ng8 14. b4 a5 15. Bb5
Qe7 16. bxa5 Nxa5 17. Nb3 f5 18. exf6 Nxf6 19. Nxa5 bxa5 20. Ne5 Rg8 21. Qb3
Ne4 22. Rfb1 Nd2 23. Bd7+ Rxd7 24. Qxb7+ Kd8 25. Qb8# 1-0

[Event "XI Open Autunno"]
[Site "Robecchetto con Induno ITA"]
[Date "2014.10.09"]
[Round "1"]
[White "Vada, Riccardo"]
[Black "Antonetti, Emiliano"]
[WhiteElo "1708"]
[BlackElo "1431"]
[Result "1-0"]
[PlyCount "53"]
[EventDate "2014.10.09"]

1. d4 d5 2. c4 e6 3. Nc3 Nf6 4. Nf3 Nc6 5. e3 Be7 6. Bd3 b6 7. cxd5 exd5 8. Bb5
Bd7 9. Qa4 O-O 10. Bxc6 Bxc6 11. Qxc6 Bd6 12. O-O Re8 13. Bd2 a6 14. Kh1 h6 15.
Nxd5 Ne4 16. Nc3 Nxd2 17. Nxd2 Qh4 18. Nf3 Qg4 19. e4 h5 20. e5 Be7 21. Rae1
Rad8 22. Qe4 Qe6 23. d5 Qh6 24. Nd4 Bc5 25. Nc6 Rd7 26. Qf5 g6 27. Qxd7 1-0

[Event "XI Open Autunno"]
[Site "Robecchetto con Induno ITA"]
[Date "2014.10.09"]
[Round "1"]
[White "Viale, Daniele"]
[Black "Zanin, Fabio"]
[WhiteElo "1848"]
[BlackElo "1583"]
[Result "1-0"]
[PlyCount "73"]
[EventDate "2014.10.09"]

1. e4 d6 2. d4 Nf6 3. Bd3 Nc6 4. d5 Ne5 5. f4 Nxd3+ 6. Qxd3 e5 7. Nf3 Qe7 8. c4
exf4 9. O-O Bg4 10. Bxf4 Bxf3 11. Rxf3 O-O-O 12. Nc3 Re8 13. Re3 Ng4 14. Re2
Ne5 15. Qe3 b6 16. b3 h6 17. a4 g5 18. Bg3 Bg7 19. Rd1 h5 20. Nb5 Kb7 21. a5 h4
22. Be1 Ng4 23. Qf3 Nh6 24. b4 f5 25. Qa3 Ra8 26. a6+ Kc8 27. c5 f4 28. cxd6
cxd6 29. Bc3 Kd7 30. Bxg7 Qxg7 31. Nd4 Rac8 32. Qa4+ Ke7 33. e5 dxe5 34. Nc6+
Kd6 35. Rxe5 Qxe5 36. Nxe5 Kxe5 37. Qd7 1-0

[Event "XI Open Autunno"]
[Site "Robecchetto con Induno ITA"]
[Date "2014.10.09"]
[Round "1"]
[White "Virgilio, Gianluca"]
[Black "Giusti, Francesco"]
[WhiteElo "1813"]
[BlackElo "1559"]
[Result "1-0"]
[PlyCount "65"]
[EventDate "2014.10.09"]

1. d4 d5 2. Nf3 Nc6 3. e3 Nf6 4. Nbd2 Bg4 5. c3 a6 6. Bd3 e5 7. dxe5 Nxe5 8.
Be2 Bxf3 9. Nxf3 Nxf3+ 10. Bxf3 Be7 11. O-O c6 12. Qc2 Qc7 13. Bd2 O-O-O 14. b4
Bd6 15. g3 h5 16. a4 h4 17. Be1 hxg3 18. fxg3 Rh6 19. Rf2 Rdh8 20. Qf5+ Kb8 21.
Rfa2 Re8 22. Qd3 Ne4 23. Bxe4 Rxe4 24. b5 Qb6 25. Bf2 Bc5 26. bxa6 Bxe3 27. Rb1
Bxf2+ 28. Rxf2 Qe3 29. Qxe3 Rxe3 30. axb7 f6 31. a5 Rxc3 32. Ra2 Rc5 33. a6 1-0

[Event "XI Open Autunno"]
[Site "Robecchetto con Induno ITA"]
[Date "2014.10.16"]
[Round "2"]
[White "Antonetti, Emiliano"]
[Black "Ragoso, Mario"]
[WhiteElo "1431"]
[BlackElo "1621"]
[Result "0-1"]
[PlyCount "94"]
[EventDate "2014.10.09"]

1. c4 Nf6 2. Nc3 g6 3. Nf3 Bg7 4. d4 O-O 5. e3 c5 6. Be2 d6 7. O-O Nbd7 8. d5
a6 9. Bd2 Ng4 10. h3 Nge5 11. Nh2 f5 12. f4 Nf7 13. Nf3 Nf6 14. Qc2 Ne4 15.
Nxe4 fxe4 16. Ng5 Nxg5 17. fxg5 e6 18. Bg4 exd5 19. Bxc8 Rxc8 20. cxd5 Qe7 21.
Bc3 Be5 22. Bxe5 Qxe5 23. h4 Qxd5 24. Rf2 Rxf2 25. Qxf2 Rf8 26. Qe2 Qf5 27. Kh1
d5 28. Rd1 c4 29. Kh2 b5 30. Rd4 Qf2 31. Qg4 Qf5 32. Qe2 Qe6 33. Qd1 Qe5+ 34.
Kh3 Rf5 35. Qe2 Kf7 36. Rd1 Ke6 37. Qg4 Kd6 38. Rd4 Rf1 39. g3 Qf5 40. Qxf5
Rxf5 41. Kg4 Ke5 42. h5 Rf3 43. hxg6 hxg6 44. Rd1 Rxe3 45. Rh1 Rf3 46. Rh6 Rf7
47. Rxg6 e3 0-1

[Event "XI Open Autunno"]
[Site "Robecchetto con Induno ITA"]
[Date "2014.10.16"]
[Round "2"]
[White "Bianchi, Alberto"]
[Black "Pappalardo, Antonio"]
[WhiteElo "1921"]
[BlackElo "1724"]
[Result "1-0"]
[PlyCount "79"]
[EventDate "2014.10.09"]

1. e4 c5 2. Nf3 g6 3. Be2 Bg7 4. O-O Nc6 5. c3 d5 6. d3 dxe4 7. dxe4 Qxd1 8.
Bxd1 Nf6 9. Bc2 O-O 10. Be3 b6 11. h3 Ba6 12. Re1 Rad8 13. Nbd2 h6 14. Rab1 Nd7
15. Rbd1 Nce5 16. Nxe5 Nxe5 17. Nf1 Nd3 18. Bxd3 Bxd3 19. f3 Bxf1 20. Kxf1 e6
21. Bf4 e5 22. Bg3 Rfe8 23. Bh4 g5 24. Bf2 Kf8 25. c4 Ke7 26. Rd5 Rxd5 27. exd5
Kd6 28. g4 f5 29. a4 a5 30. b3 f4 31. Ke2 h5 32. gxh5 Rh8 33. Kd3 Rxh5 34. Rh1
Rh8 35. Ke4 Bf6 36. Kf5 Rh6 37. Be1 Be7 38. Bc3 Bd8 39. Bxe5+ Ke7 40. Kxg5 1-0

[Event "XI Open Autunno"]
[Site "Robecchetto con Induno ITA"]
[Date "2014.10.16"]
[Round "2"]
[White "Garcia Rubi, Juan"]
[Black "Ruggeri, Igor"]
[WhiteElo "1394"]
[BlackElo "1549"]
[Result "1-0"]
[PlyCount "109"]
[EventDate "2014.10.09"]

1. e4 c5 2. Nf3 d6 3. d4 cxd4 4. Nxd4 Nf6 5. Nc3 a6 6. Bc4 b5 7. Bb3 Qc7 8. Qd3
Bb7 9. Nd5 Nxd5 10. Bxd5 Nd7 11. O-O Nf6 12. Bxb7 Qxb7 13. Re1 g6 14. Bd2 Bg7
15. Rac1 O-O 16. c4 bxc4 17. Rxc4 Rac8 18. Rxc8 Rxc8 19. b3 Qb6 20. h3 Nd7 21.
Be3 Ne5 22. Qd2 Qb7 23. f3 Nc6 24. Nxc6 Qxc6 25. Rc1 Bc3 26. Qd3 e5 27. Kf1 Qb5
28. Qxb5 axb5 29. Ke2 b4 30. Bd2 Ra8 31. Rc2 Kg7 32. Bxc3 bxc3 33. Kd3 f5 34.
a4 fxe4+ 35. fxe4 Ra5 36. Rxc3 d5 37. exd5 Rxd5+ 38. Ke4 Rd2 39. g4 Re2+ 40.
Re3 Ra2 41. Kxe5 Kf7 42. Kd5 Rc2 43. b4 Rb2 44. b5 Rb4 45. Re4 Rb3 46. h4 h6
47. Kc6 Rc3+ 48. Kb7 Rh3 49. g5 hxg5 50. hxg5 Rf3 51. b6 Rf5 52. Kb8 Rxg5 53.
b7 Rc5 54. Ka7 Rc7 55. Kb6 1-0

[Event "XI Open Autunno"]
[Site "Robecchetto con Induno ITA"]
[Date "2014.10.16"]
[Round "2"]
[White "Gbessou, Remi Stephan"]
[Black "Rancati, David"]
[WhiteElo "1299"]
[BlackElo "1547"]
[Result "0-1"]
[PlyCount "62"]
[EventDate "2014.10.09"]

1. e4 e6 2. d4 d5 3. Nd2 Nf6 4. Bd3 c5 5. e5 Nfd7 6. Ne2 c4 7. Bxc4 dxc4 8.
Nxc4 Nb6 9. Ne3 Nc6 10. O-O Nd5 11. c3 b6 12. a3 Bb7 13. b4 Rc8 14. Qc2 Ba6 15.
c4 Nxe3 16. Bxe3 Bb7 17. Qd3 Nxe5 18. Qb3 Nd7 19. Rac1 Qh4 20. Nf4 Bd6 21. Nh3
Qg4 22. d5 O-O 23. Qd3 Ne5 24. Qd4 Nf3+ 25. Kh1 Nxd4 26. Bxd4 Qxd4 27. dxe6
Rxc4 28. Rce1 fxe6 29. Rd1 Qh4 30. Rxd6 Qxh3 31. Rg1 Rg4 0-1

[Event "XI Open Autunno"]
[Site "Robecchetto con Induno ITA"]
[Date "2014.10.16"]
[Round "2"]
[White "Giusti, Francesco"]
[Black "Sartorio, Alessandro"]
[WhiteElo "1559"]
[BlackElo "1318"]
[Result "1-0"]
[PlyCount "73"]
[EventDate "2014.10.09"]

1. e4 e5 2. Bc4 Nf6 3. Qf3 Bc5 4. Nh3 O-O 5. d3 Nc6 6. Be3 Bxe3 7. fxe3 d6 8.
Nf2 Nb4 9. Na3 b6 10. c3 d5 11. Bb5 c6 12. cxb4 cxb5 13. exd5 Qd6 14. Nc2 Bb7
15. e4 Rac8 16. Qe2 a5 17. bxa5 bxa5 18. O-O b4 19. Ne3 Rc7 20. Nc4 Qc5 21.
Nxe5 Re7 22. Rac1 Qb5 23. Nc6 Bxc6 24. dxc6 Rc8 25. Qc2 Rec7 26. Qc5 Qa6 27.
Qd4 Rxc6 28. Rxc6 Qxc6 29. e5 Nd5 30. Ne4 f6 31. exf6 Rf8 32. fxg7 Rxf1+ 33.
Kxf1 Qc1+ 34. Kf2 Qf4+ 35. Ke2 Qg4+ 36. Ke1 Nf4 37. Nf6+ 1-0

[Event "XI Open Autunno"]
[Site "Robecchetto con Induno ITA"]
[Date "2014.10.16"]
[Round "2"]
[White "Macchiettini, Pierangelo"]
[Black "Viale, Daniele"]
[WhiteElo "1691"]
[BlackElo "1848"]
[Result "0-1"]
[PlyCount "86"]
[EventDate "2014.10.09"]

1. d4 d5 2. Nf3 c5 3. c4 Nf6 4. cxd5 cxd4 5. Qxd4 Qxd5 6. Qxd5 Nxd5 7. e3 Bf5
8. a3 Nd7 9. Bb5 Nc7 10. Nc3 a6 11. Bxd7+ Bxd7 12. O-O f6 13. Bd2 e5 14. Rac1
Rc8 15. Rfd1 Be7 16. h3 O-O 17. Be1 Bc6 18. Rd2 Rfd8 19. Rcd1 Rxd2 20. Rxd2 Kf7
21. Rd1 b5 22. Na2 Nd5 23. Rc1 Ke6 24. Ba5 g5 25. Ne1 h5 26. g3 f5 27. Nd3 f4
28. exf4 gxf4 29. Re1 Bd6 30. Nc3 fxg3 31. fxg3 Nxc3 32. Bxc3 e4 33. Kh2 h4 34.
Nf4+ Kf5 35. Ne2 hxg3+ 36. Nxg3+ Ke6 37. Rf1 Rg8 38. Be1 Be5 39. b4 e3 40. h4
Kd6 41. h5 Rg5 42. Kh3 Bd7+ 43. Kh4 Rg4+ 0-1

[Event "XI Open Autunno"]
[Site "Robecchetto con Induno ITA"]
[Date "2014.10.16"]
[Round "2"]
[White "Moroni, Luca"]
[Black "Vada, Riccardo"]
[WhiteElo "1882"]
[BlackElo "1708"]
[Result "1/2-1/2"]
[PlyCount "90"]
[EventDate "2014.10.09"]

1. Nf3 d5 2. d4 Nf6 3. Bf4 Bg4 4. Nbd2 e6 5. e3 Be7 6. h3 Bxf3 7. Nxf3 c5 8. c3
O-O 9. Bd3 Qb6 10. Qb3 Qxb3 11. axb3 Rc8 12. Be2 Nc6 13. O-O a6 14. Ra2 Ne4 15.
Rfa1 f6 16. Bh2 cxd4 17. exd4 Bd6 18. Bxd6 Nxd6 19. b4 Rab8 20. Nd2 Kf7 21. Nb3
g6 22. Nc5 Rc7 23. Bf3 Re8 24. Re1 Nd8 25. Raa1 Rce7 26. Re2 f5 27. Nd3 Nc6 28.
Rae1 Ne4 29. Bxe4 fxe4 30. Ne5+ Nxe5 31. dxe5 Kg7 32. f3 exf3 33. gxf3 Rf7 34.
Kg2 Ref8 35. Re3 Rf4 36. Rd3 g5 37. Rde3 Kg6 38. Ra1 Rc8 39. Ra5 Kf5 40. Ra1 d4
41. Rd3 dxc3 42. bxc3 Kxe5 43. Re1+ Kf6 44. Red1 Rfc4 45. Rd7 R8c7 1/2-1/2

[Event "XI Open Autunno"]
[Site "Robecchetto con Induno ITA"]
[Date "2014.10.16"]
[Round "2"]
[White "Nava, Mario"]
[Black "Libutti, Michele"]
[WhiteElo "1262"]
[BlackElo "1753"]
[Result "0-1"]
[PlyCount "84"]
[EventDate "2014.10.09"]

1. Nf3 d5 2. d4 Nf6 3. c4 e6 4. cxd5 exd5 5. Nc3 Bf5 6. h3 c6 7. Bg5 Nbd7 8. e3
Be7 9. Bd3 Bxd3 10. Qxd3 O-O 11. O-O Ne4 12. Bxe7 Qxe7 13. Rac1 f5 14. Qc2 Ndf6
15. Ne5 Rac8 16. Nxe4 Nxe4 17. Nf3 f4 18. Rce1 Rce8 19. Qc1 g5 20. Ne5 Qg7 21.
Rd1 h5 22. Qc2 g4 23. h4 g3 24. f3 Nf2 25. Rd2 fxe3 26. Re2 Rf4 27. Qg6 Qxg6
28. Nxg6 Rxd4 29. f4 Rd2 30. Rfe1 Rxe2 31. Rxe2 Nd3 32. b3 Kg7 33. f5 Kf6 34.
Kf1 Kxf5 35. Rc2 Kxg6 36. Ke2 Nf4+ 37. Kf3 Kf5 38. b4 d4 39. Rc5+ Re5 40. Rc4
e2 41. Rxd4 e1=N+ 42. Kxg3 Ne2+ 0-1

[Event "XI Open Autunno"]
[Site "Robecchetto con Induno ITA"]
[Date "2014.10.16"]
[Round "2"]
[White "Novi', Giuseppe"]
[Black "Puricelli, Roberto"]
[WhiteElo "1835"]
[BlackElo "1513"]
[Result "1-0"]
[PlyCount "59"]
[EventDate "2014.10.09"]

1. e4 c5 2. Nf3 Nc6 3. c3 g6 4. d4 cxd4 5. cxd4 Bg7 6. Be3 d5 7. exd5 Qxd5 8.
Nc3 Qd8 9. Bc4 e6 10. O-O Nge7 11. Rc1 O-O 12. Qd2 Nd5 13. Bh6 a6 14. Bxg7 Kxg7
15. Ne4 b5 16. Bxb5 axb5 17. Rxc6 Rxa2 18. Rfc1 Bd7 19. R6c5 Qb8 20. Nc3 Nxc3
21. Qxc3 Rd8 22. h4 h5 23. d5+ Kg8 24. Qf6 Ra8 25. Ne5 Be8 26. dxe6 Ra7 27.
exf7+ Bxf7 28. Nc6 Qd6 29. Qxd8+ Qxd8 30. Nxd8 1-0

[Event "XI Open Autunno"]
[Site "Robecchetto con Induno ITA"]
[Date "2014.10.16"]
[Round "2"]
[White "Ongaro, Andrea"]
[Black "Barrera, Pietro"]
[WhiteElo "1723"]
[BlackElo "1905"]
[Result "1/2-1/2"]
[PlyCount "118"]
[EventDate "2014.10.09"]

1. e4 e5 2. f4 Qh4+ 3. g3 Qe7 4. fxe5 Qxe5 5. Nc3 Bc5 6. Nf3 Qe7 7. Bc4 d6 8.
d4 Bb4 9. O-O Bxc3 10. bxc3 f6 11. Ba3 Be6 12. Bxe6 Qxe6 13. e5 dxe5 14. dxe5
fxe5 15. Rb1 Nf6 16. Nxe5 Nbd7 17. Nxd7 O-O-O 18. Qf3 Qe4 19. Nxf6 Qxf3 20.
Rxf3 gxf6 21. Rbf1 b6 22. Be7 Rd2 23. R1f2 Rd1+ 24. Kg2 Re8 25. Bxf6 Ra1 26.
Bd4 Rxa2 27. Rf8 Kd7 28. Rh8 Re7 29. Rd2 Kc6 30. Rf8 Rd7 31. Rg8 Ra5 32. Rg7
Rad5 33. Rxd7 Rxd7 34. Kf2 Kb5 35. Ke2 Kc4 36. Bh8 Re7+ 37. Kd1 c5 38. Kc1 a5
39. Bf6 Rf7 40. Bd8 Rb7 41. Kb2 a4 42. Rd6 b5 43. Bf6 Rf7 44. g4 Ra7 45. Ka3
b4+ 46. cxb4 cxb4+ 47. Ka2 b3+ 48. cxb3+ axb3+ 49. Kb1 Ra2 50. h4 Rg2 51. Rd4+
Kb5 52. h5 Rf2 53. Rd7 Rxf6 54. Rxh7 Kc4 55. Rc7+ Kb4 56. Rb7+ Kc4 57. g5 Rf1+
58. Kb2 Rf2+ 59. Kc1 Rf5 1/2-1/2

[Event "XI Open Autunno"]
[Site "Robecchetto con Induno ITA"]
[Date "2014.10.16"]
[Round "2"]
[White "Pizzolato, Roberto"]
[Black "Koureas, Panicos"]
[WhiteElo "1747"]
[BlackElo "1431"]
[Result "1-0"]
[PlyCount "63"]
[EventDate "2014.10.09"]

1. e4 e5 2. Nf3 Nc6 3. d4 exd4 4. Nxd4 Nf6 5. Nxc6 bxc6 6. e5 Qe7 7. Qe2 Nd5 8.
c4 Ba6 9. b3 Nb6 10. Bb2 O-O-O 11. Nc3 Re8 12. f4 g5 13. O-O-O gxf4 14. Qg4 h5
15. Qf5 Kb8 16. c5 Bxf1 17. cxb6 axb6 18. Rhxf1 Qxe5 19. Qxe5 Rxe5 20. Na4 Bg7
21. Bxe5 Bxe5 22. Rxd7 Rg8 23. Rf2 f6 24. Nb2 Kc8 25. Rh7 Rg5 26. Nc4 Bd4 27.
Re2 Rc5 28. Kd2 b5 29. Re8+ Kb7 30. Nd6+ Kb6 31. Rb8+ Ka5 32. Nb7+ 1-0